Valley of Life (Record n. 99174)

Dettagli MARC
000 -LEADER
fixed length control field 03702njm a2200481Ia 4500
001 - CONTROL NUMBER
control field F8867
003 - CONTROL NUMBER IDENTIFIER
control field IT-RoPAU
005 - DATE AND TIME OF LATEST TRANSACTION
control field 20220918181113.0
008 - FIXED-LENGTH DATA ELEMENTS--GENERAL INFORMATION
fixed length control field 131025s9999 xx 000 0 und d
040 ## - CATALOGING SOURCE
Original cataloging agency IT-RoPAU
040 ## - CATALOGING SOURCE
Transcribing agency IT-RoPAU
041 ## - LANGUAGE CODE
Language code of text/sound track or separate title INGLESE
999 ## - SYSTEM CONTROL NUMBERS (KOHA)
Koha Dewey Subclass [OBSOLETE] n.d.
100 ## - MAIN ENTRY--PERSONAL NAME
Personal name AA.VV.
9 (RLIN) 794
100 ## - MAIN ENTRY--PERSONAL NAME
Relator term Autore musica
9 (RLIN) 32830
100 ## - MAIN ENTRY--PERSONAL NAME
Miscellaneous information Codice autore musica SPICS: 12000
9 (RLIN) 796
245 ## - TITLE STATEMENT
Title Valley of Life
250 ## - EDITION STATEMENT
Edition statement 1a ed.
260 ## - PUBLICATION, DISTRIBUTION, ETC. (IMPRINT)
Place of publication, distribution, etc. MILANO
260 ## - PUBLICATION, DISTRIBUTION, ETC. (IMPRINT)
Name of publisher, distributor, etc. RUSCONI
Date of publication, distribution, etc. 1999 [1a Ed.:0]
300 ## - PHYSICAL DESCRIPTION
Extent COMPACT DISC
300 ## - PHYSICAL DESCRIPTION
Dimensions 71 minuti (Testo: 0 pag.)
500 ## - GENERAL NOTE
General note Musica jazz. Cd fuori commercio allegato al n. 3 '99 della rivista "Musica jazz". Brani scelti di McCoy Tyner e di altri autori. Testimonianze degli anni '70. McCoy Tyner è uno dei pianisti dominanti del jazz contemporaneo.
505 ## - FORMATTED CONTENTS NOTE
Formatted contents note A Prayer For My Family [(New York, gennaio 1972) (5:00)] - Nebula [(Montreux, jazz Festival, 7 luglio 1973) (10:00)] - In A Sentimental Mood [(Stati Uniti, tra settembre e ottobre 1978) (7:00)] - Afro Blue (New York, 9 aprile 1973) (10:00)] - I Mean You (Berkeley, 9 o 10 aprile 1977) (6:00)] - Blues For Basie [(New York, Blue Note, 25 o 26 novembre 1988) (10:00)] - Nubia [(Berkeley, fra 31 agosto e 3 settembre 1978) (9:00)] - Four By Five [(Berkeley, 11 o 12 aprile 1977) (6:00)] - Valley of Life [(New York, gennaio 1972) (6:00)]
511 ## - PARTICIPANT OR PERFORMER NOTE
Participant or performer note Pianoforte solo di McCoy Tyner.
511 ## - PARTICIPANT OR PERFORMER NOTE
Participant or performer note Mccoy Tyner: pianoforte; Ron Carter: contrabbasso; Elvin Jones batteria
511 ## - PARTICIPANT OR PERFORMER NOTE
Participant or performer note Azar Lawrence: soprano; McCoy Tyner: pianoforte, percussione; Joony Booth: contrabbasso; Alphonse Mouzon: batteria
511 ## - PARTICIPANT OR PERFORMER NOTE
Participant or performer note Sonny Rollins: tenore; McCoy Tyner: pianoforte
511 ## - PARTICIPANT OR PERFORMER NOTE
Participant or performer note Virgil Jones, Cecil Bridgewater e Jon Faddis: tromba; Garnettbrown e Dick Griffin: trombone; Kiane Zawadi: euphonium; Julius Watkins, Willie Ruff e William Warnick III: corno; Bob Srewart: tuba; Hubert Laws: flauto, ottavino; Sonny Fortune: flauto soprano; McCoy Tyner: pianoforte; Joony Booth: contrabbasso; Alphonse Mouzon: batteria; Sonny Morgan: percussione
511 ## - PARTICIPANT OR PERFORMER NOTE
Participant or performer note Mccoy Tyner: pianoforte; Ron Carter: contrabbasso; Tony Williams: batteria
511 ## - PARTICIPANT OR PERFORMER NOTE
Participant or performer note Virgil Jones, Earl Gardner e Kamau Adilifu: tromba; Steve Turre e Robin Eubanks: trombone; John Clark: corno; Howard Johnson: tuba; Joe Ford e Doug Harris: alto; Ricky Ford e Junior Cook: ten; McCoy Tyner: pianoforte; Avery Sharpe: contrabbasso; Louis Hayes: batteria; Steve Thornton: percussione
511 ## - PARTICIPANT OR PERFORMER NOTE
Participant or performer note Freddie Hubbard: tromba; Hubert Laws: flauto; Bennie Maupin: ten; Bobby Hutcherson: vib; McCoy Tyner: pianoforte; Stanley Clarke: contrabbasso; Jack Dejohnette: batteria; Bill Summers: congas, perc
511 ## - PARTICIPANT OR PERFORMER NOTE
Participant or performer note McCoy Tyner: pianoforte; Eddie Gomez: contrabbasso; Jack Dejohnette: batteria
511 ## - PARTICIPANT OR PERFORMER NOTE
Participant or performer note Sonny Fortune: flauto; McCoy Tyner: koto; Calvin Hill: contrabbasso, percussione; Alphonse Mouzon: batteria, percussione
650 ## - SUBJECT ADDED ENTRY--TOPICAL TERM
Topical term or geographic name as entry element JAZZ [COMPACT DISC]
Relator term Codice MATERIA SPICS: 9949
9 (RLIN) 11822
700 ## - ADDED ENTRY--PERSONAL NAME
Personal name Tyner Mccoy
Relator term Interprete
Miscellaneous information Codice interprete SPICS: 18869
9 (RLIN) 32831
700 ## - ADDED ENTRY--PERSONAL NAME
Personal name Tyner McCoy
Relator term Autore musica
Miscellaneous information Codice autore musica SPICS: 18869
Name of part/section of a work A Prayer For My Family - Nebula - Blues For Basie - Nubia - Four By Five - Valley of Life
9 (RLIN) 32832
700 ## - ADDED ENTRY--PERSONAL NAME
Personal name Coltrane John William
Relator term Autore musica
Miscellaneous information Codice autore musica SPICS: 10732
Name of part/section of a work Impressions
9 (RLIN) 32833
700 ## - ADDED ENTRY--PERSONAL NAME
Personal name Ellington Duke
Relator term Autore musica
Miscellaneous information Codice autore musica SPICS: 13023
Name of part/section of a work In A Sentimental Mood
9 (RLIN) 32834
700 ## - ADDED ENTRY--PERSONAL NAME
Personal name Santamaria Mongo
Relator term Autore musica
Miscellaneous information Codice autore musica SPICS: 53130
Name of part/section of a work Afro Blue
9 (RLIN) 32835
700 ## - ADDED ENTRY--PERSONAL NAME
Personal name Monk Thelonious
Relator term Autore musica
Miscellaneous information Codice autore musica SPICS: 10795
Name of part/section of a work I Mean You
9 (RLIN) 32836
942 ## - ADDED ENTRY ELEMENTS (KOHA)
Koha item type CD AUDIO
Source of classification or shelving scheme Dewey Decimal Classification
Dati di copia
Withdrawn status Lost status Damaged status Not for loan Home library Current library Date acquired Total Checkouts Full call number Date last seen Price effective from Koha item type Public note
    Buone Condizioni Not For Loan SPICS-MEDIATECA SPICS-MEDIATECA 25/10/2013   F8867 25/10/2013 25/10/2013 CD AUDIO Progr. Ins.: 22666 / N.Vol.: 1 / Copie: 1 - Copia rara: n.d. / date import: 01.01.2014 - By Epidotti, Trombetti, Vaglietti
CREDITS: SOCIETA' SAN PAOLO Via A.Severo, 58 - ROMA (RM) & PERIODICI SAN PAOLO SRL Via Giotto, 36 MILANO & CISF Via Giotto, 36 MILANO & EDIZIONI SAN PAOLO SRL,  Piazza Soncino, 5 CINISELLO BALSAMO (MI) -- ITALY